000 00405nam a2200181Ia 4500
001 11688
005 20260306162846.0
008 260306t1975||||xx |||||||||||||| ||spa||
041 _aESP
082 _a987.041
_bB72
100 _aBolivar, Simón
_eAUT
245 0 _aDocumentos
260 _c1975
300 _a336 páginas :
_c19 cm.
650 _aGEN
654 _aCHU
942 _cLIB
_dJUS
_fJUS
_2ddc
_n
999 _c11688
_d11688